Το ρωμαίϊκο : οι Έλληνες ως άτομα, ως έθνος, ως κράτος από το 1821-1925

Αποθηκεύτηκε σε:
Λεπτομέρειες βιβλιογραφικής εγγραφής
Κύριος συγγραφέας: Φραγκούδης, Γεώργιος Σ., 1869-1939
Μορφή: Βιβλίο
Γλώσσα:Greek
Δημοσίευση: Αθήνα : 1925.
Θέματα:
Ετικέτες: Προσθήκη ετικέτας
Δεν υπάρχουν, Καταχωρήστε ετικέτα πρώτοι!

MARC

LEADER 00000cam a2200000 i 4500
001 1/98750
008 950320s1925 gre d
035 |l 10011047 
040 |a GR-MY-UA  |b gre  |e aacr 
041 0 |a gre 
082 0 |a 938.6 
100 1 |a Φραγκούδης, Γεώργιος Σ.,   |d 1869-1939. 
245 1 3 |a Το ρωμαίϊκο :   |b οι Έλληνες ως άτομα, ως έθνος, ως κράτος από το 1821-1925 /   |c Γ. Σ. Φραγκούδη.  
260 |a Αθήνα :   |c 1925. 
300 |a 301 σ. :   |b εικ.  
506 1 |a Μόνο για ανάγνωση.  |c Βρίσκεται σε ειδική συλλογή. Διαθέσιμο εάν ζητηθεί.  
651 0 |a Greece  |x History  |y 1821- 
651 0 |a Greece  |x Politics and government. 
852 |a INST  |b LESVOS  |e 19950320  |h 938.6 ΦΡΑ  |p 005100002252  |q 005100002252  |t BK  |y 0 
909 |a Λ  |b 038263 
970 |z 2000/05/ΟΙΚΟΝΟΜΟΠΟΥΛΟΥ ΧΡΙΣΤΙΝΑ